Guida allo studio delle circonvoluzioni cerebrali dell'uomo / (Record no. 68692)

MARC details
000 -LEADER
campo de control de longitud fija 00590nam a22001935i 4500
001 - NÚMERO DE CONTROL
campo de control 68692
003 - IDENTIFICADOR DE NÚMERO DE CONTROL
campo de control ES-MaACL
005 - FECHA Y HORA DE LA ÚLTIMA TRANSACCIÓN
campo de control 20230906170334.0
007 - CAMPO FIJO DE DESCRIPCIÓN FÍSICA--INFORMACIÓN GENERAL
campo de control de longitud fija t|
008 - DATOS DE LONGITUD FIJA--INFORMACIÓN GENERAL
campo de control de longitud fija 960827s1884 it a ||||1| ita d
040 ## - FUENTE DE CATALOGACIÓN
Centro catalogador/agencia de origen CAM
Lengua de catalogación spa
Centro/agencia transcriptor CAM
100 1# - ENTRADA PRINCIPAL--NOMBRE DE PERSONA
Nombre de persona Giacomini, C.
9 (RLIN) 56597
245 10 - MENCIÓN DEL TÍTULO
Título Guida allo studio delle circonvoluzioni cerebrali dell'uomo /
Mención de responsabilidad, etc. per C. Giacomini.
250 ## - MENCION DE EDICION
Mención de edición 2ª ed.
260 ## - PUBLICACIÓN, DISTRIBUCIÓN, ETC.
Lugar de publicación, distribución, etc. Torino [etc] :
Nombre del editor, distribuidor, etc. Ermanno Loescher,
Fecha de publicación, distribución, etc. 1884 (
Fabricante Tip. e Lit. Camilla e Bertolero)
300 ## - DESCRIPCIÓN FÍSICA
Extensión VIII, 287 p. :
Otras características físicas il. ;
Dimensiones 25 cm.
650 #4 - PUNTO DE ACCESO ADICIONAL DE MATERIA--TÉRMINO DE MATERIA
Término de materia o nombre geográfico como elemento de entrada Cerebro.
9 (RLIN) 10903
852 ## - LOCALIZACIÓN
Ubicación ES-MaACL
Número de control de estantería F-12031
Holdings
Estatus retirado Estado de pérdida Estado de daño No para préstamo Colección Biblioteca de origen Biblioteca actual Ubicación en estantería Fecha de adquisición Fuente de adquisición Total de préstamos Signatura topográfica completa Código de barras Visto por última vez Precio de reemplazo Tipo de ítem Koha
        Libros del s. XIX Biblioteca del Ateneo de Madrid Biblioteca del Ateneo de Madrid Sala Pecera Planta 2 17/01/2008     F-12031 1071919 23/02/2023 23/02/2023 Libro impreso antiguo